Hydrogeology of salt water intrusion : (Record no. 144279)

MARC details
000 -LEADER
fixed length control field 01092nam a2200277 a 4500
008 - FIXED-LENGTH DATA ELEMENTS--GENERAL INFORMATION
fixed length control field
020 ## - INTERNATIONAL STANDARD BOOK NUMBER
International Standard Book Number 3922705928
022 ## - INTERNATIONAL STANDARD SERIAL NUMBER
International Standard Serial Number 09363912
049 ## - LOCAL HOLDINGS (OCLC)
Holding library MAIN
090 ## - LOCALLY ASSIGNED LC-TYPE CALL NUMBER (OCLC); LOCAL CALL NUMBER (RLIN)
Classification number (OCLC) (R) ; Classification number, CALL (RLIN) (NR) GB1197.8
003 - CONTROL NUMBER IDENTIFIER
control field
005 - DATE AND TIME OF LATEST TRANSACTION
control field 20230123133205.0
040 ## - CATALOGING SOURCE
Transcribing agency NUST
245 00 - TITLE STATEMENT
Title Hydrogeology of salt water intrusion :
Remainder of title a selection of SWIM papers : a report of the Commission on Hydrogeology of Salt Water Intrusion of the International Association of Hydrogeologists /
Statement of responsibility, etc. W. De Breuck, editor-in-chief.
260 ## - PUBLICATION, DISTRIBUTION, ETC.
Place of publication, distribution, etc. Hannover, Germany :
Name of publisher, distributor, etc. H. Heise,
Date of publication, distribution, etc. 1991.
300 ## - PHYSICAL DESCRIPTION
Extent vii, 422 p. :
Other physical details ill., maps ;
Dimensions 24 cm.
440 #0 - SERIES STATEMENT/ADDED ENTRY--TITLE
Title International contributions to hydrogeology,
International Standard Serial Number 0936-3912 ;
Volume/sequential designation v. 11
500 ## - GENERAL NOTE
General note One folded map in pocket.
504 ## - BIBLIOGRAPHY, ETC. NOTE
Bibliography, etc. note Includes bibliographical references.
650 #0 - SUBJECT ADDED ENTRY--TOPICAL TERM
Topical term or geographic name entry element Saltwater encroachment.
650 ## - SUBJECT ADDED ENTRY--TOPICAL TERM
Topical term or geographic name entry element Hydrogeology
700 1# - ADDED ENTRY--PERSONAL NAME
Personal name De Breuck, W.
710 2# - ADDED ENTRY--CORPORATE NAME
Corporate name or jurisdiction name as entry element International Association of Hydrogeologists.
Subordinate unit Commission on Hydrogeology of Salt Water Intrusion.
907 ## - LOCAL DATA ELEMENT G, LDG (RLIN)
a .b10038929
b 13-06-03
c 17-04-03
942 ## - ADDED ENTRY ELEMENTS (KOHA)
Koha item type Ordinary Loan Books
Call number prefix GB1197.8
Holdings
Date last seen Total Checkouts Full call number Barcode Cost, replacement price Price effective from Koha item type Lost status Source of classification or shelving scheme Damaged status Not for loan Collection Withdrawn status Home library Current library Shelving location Date acquired Cost, normal purchase price
01/23/2023 1 GB1197.8 HYD 92003001108 80.00 01/23/2023 BOOKS   LCC   1 NFIC   MAIN MAIN GEN 01/23/2023 80.00